000 00375nam a22001457a 4500
008 230721b ||||| |||| 00| 0 eng d
020 _a9027706131
041 _aeng
080 _2VOLUME I VOLUME II VOLUME III
_a101
082 _a101HOO
100 _a44
101 _aFILOZ
245 _aTHE LOGICO-ALGEBRAIC APPROACH TO QUANTUM MECHANICS
_cHOOKER .A .C
942 _2udc
_cBK
999 _c60202
_d60202